Yêu tinh Tiểu thuyết phản gián
Guardat en:
| Autor principal: | |
|---|---|
| Format: | Llibre |
| Idioma: | Undetermined |
| Publicat: |
Hà Nội
CAND
2002
|
| Matèries: | |
| Etiquetes: |
Afegir etiqueta
Sense etiquetes, Sigues el primer a etiquetar aquest registre!
|
| Thư viện lưu trữ: | Trung tâm Học liệu Trường Đại học Cần Thơ |
|---|
| LEADER | 00508nam a2200181Ia 4500 | ||
|---|---|---|---|
| 001 | CTU_48157 | ||
| 008 | 210402s9999 xx 000 0 und d | ||
| 082 | |a 895.92230872 | ||
| 082 | |b H450 | ||
| 100 | |a HỒ PHƯƠNG | ||
| 245 | 0 | |a Yêu tinh | |
| 245 | 0 | |b Tiểu thuyết phản gián | |
| 245 | 0 | |c HỒ PHƯƠNG | |
| 260 | |a Hà Nội | ||
| 260 | |b CAND | ||
| 260 | |c 2002 | ||
| 650 | |a detective and mystery stories, vietnamese | ||
| 980 | |a Trung tâm Học liệu Trường Đại học Cần Thơ | ||